Normal view MARC view
  • Pharmacology

Entry Topical Term

Number of records used in: 5

001 - CONTROL NUMBER

  • control field: 6220

003 - CONTROL NUMBER IDENTIFIER

  • control field: URS

005 - DATE AND TIME OF LATEST TRANSACTION

  • control field: 20250626095317.0

008 - FIXED-LENGTH DATA ELEMENTS

  • fixed length control field: 250626|| aca||babn | a|a d

040 ## - CATALOGING SOURCE

  • Original cataloging agency: URS

150 ## - HEADING--TOPICAL TERM

  • Topical term or geographic name entry element: Pharmacology
  • General subdivision: Handbooks, manuals, etc.

University of Rizal System
Email us at univlibservices@urs.edu.ph

Visit our Website www.urs.edu.ph/library